Najlepsi żużlowcy w historii - Statystyki

Ogólne statystyki
  • Ten quiz został rozwiązany 27 razy
  • Średni wynik to 8 z 25
Statystyki odpowiedzi
Lp.
PAŃSTWO
ZŁOTO
SREBRO
BRĄZ
RAZEM
ZAWODNIK
% Poprawnych
1.
Dania
4
6
2
12
Hans Nielsen
80%
10.
Polska
1
2
4
7
Tomasz Gollob
65%
8.
Polska
5
2
1
8
Bartosz Zmarzlik
60%
2.
Szwecja
6
3
2
11
Tony Rickardsson
60%
7.
Stany Zjednoczone
4
2
3
9
Greg Hancock
55%
9.
Dania
3
1
3
7
Nicki Pedersen
55%
12.
Wielka Brytania
3
2
1
6
Tai Woffinden
50%
20.
Rosja (Polskie obywatelstwo)
-
-
3
3
Emil Sajfutdinow
45%
5.
Nowa Zelandia
6
3
1
10
Ivan Mauger
45%
19.
Polska
-
2
1
3
Jarosław Hampel
40%
4.
Australia
3
5
2
10
Jason Crump
40%
21.
Stany Zjednoczone
1
2
-
3
Billy Hamill
35%
15.
Stany Zjednoczone
1
-
3
4
Sam Ermolenko
35%
18.
Szwecja
-
1
2
3
Fredrik Lindgren
30%
6.
Nowa Zelandia
4
3
3
10
Barry Briggs
25%
16.
Dania
3
1
-
4
Erik Gundersen
25%
11.
Dania
3
1
2
6
Ole Olsen
25%
3.
Szwecja
5
3
3
11
Ove Fundin
25%
24.
Dania
1
1
1
3
Jan Osvald Pedersen
15%
23.
Szwecja
1
2
-
3
Björn Knutsson
5%
17.
Wielka Brytania
2
1
-
3
Freddie Williams
5%
25.
Australia
2
-
-
2
Jack Young
5%
22.
Wielka Brytania
1
-
2
3
Michael Lee
5%
14.
Wielka Brytania
2
-
2
4
Peter Craven
0%
13.
Nowa Zelandia
2
3
-
5
Ronnie Moore
0%
Nie znaleziono quizów pasujących do podanych kryteriów
Rozkład punktacji
Procent ludzi z każdym wynikiem
Percentyl według liczby udzielonych odpowiedzi
Twoja historia wyników
Nie rozwiązałeś tego quizu